Statystyki dla White 2115 - Rockstar

Kliknij tutaj aby rozwiązać quiz!

Ogólne statystyki

  • Ten quiz został rozwiązany 68 razy
  • Średni wynik to 11 z 14

Statystyki odpowiedzi

NumerGośćUtwór% Poprawnych
3California
95%
11Bedoes i Kuqe 2115Nowi Kumple
95%
5Rockstar
92%
6La Vida Loca
76%
7Noc
76%
13Sen
75%
4Jaki Ojciec Taki Syn
73%
12BiałasSos Mula
73%
8Anioł Stróż
71%
10Cry Baby
71%
2Kurt Cobain
71%
1Balmain
68%
9Jim Morrison
68%
14Legenda
62%

Rozkład punktacji

Percentyl według liczby udzielonych odpowiedzi

Procent ludzi z każdym wynikiem

Twoja historia wyników

Nie rozwiązałeś tego quizu